Paroles Clash Assassins Joyca et Mastu - Statistiques

Statistiques générales
  • Ce quiz a été pris 260 fois
    76 depuis la dernière actualisation
  • Le résultat moyen est 228 sur 318
Statistiques - réponses
Réponse % Correct
t'
100%
s'
98%
S/O
98%
l'
96%
a
94%
à
94%
d'
94%
D
94%
le
94%
pas
92%
team
92%
la
88%
les
88%
que
88%
ta
86%
Templiers
86%
as
84%
comme
84%
de
84%
en
84%
fait
84%
on
84%
es
82%
frappes
82%
vise
82%
ça
80%
différence
80%
enchaîne
80%
ma
80%
j'
78%
me
78%
Saxons
78%
c'est
76%
temps
76%
tu
76%
Valhalla
76%
Assassins
74%
au
74%
et
74%
Odin
74%
ramène
74%
taille
74%
tape
74%
versus
74%
Animus
72%
faut
72%
sortez
72%
adversaire
70%
gérer
70%
marteaux
70%
seule
70%
soeur
70%
ton
70%
peux
68%
sapé
66%
sur
66%
des
64%
Mister
64%
mon
64%
qui
64%
un
64%
Bob
62%
gars
62%
liste
62%
poto
62%
recaler
62%
vous
62%
Beast
60%
nom
60%
pelle
60%
boomer
58%
crois
58%
déjà
58%
dis
58%
lame
58%
McGregor
58%
si
58%
sous
58%
style
58%
erreurs
56%
hache
56%
hors
56%
j'ai
56%
jeu
56%
mort
56%
plus
56%
secrète
56%
toujours
56%
Valkyries
56%
axe
54%
cachée
54%
croisé
54%
dans
54%
enchaînez
54%
fort
54%
levé
54%
lobe
54%
patate
54%
soulève
54%
T-Max
54%
Viking
54%
arbalète
52%
capuche
52%
château
52%
drakkar
52%
êtes
52%
(ouh)
52%
quand
52%
tous
52%
assauts
50%
corps
50%
guetteurs
50%
gueux
50%
lance
50%
Ragnarök
50%
casse
48%
Lord
48%
R A F
48%
débarque
46%
équipe
46%
infiltration
46%
têtes
46%
entassent
44%
futé
44%
arrivez
42%
du
42%
Loki
42%
badass
40%
cuisine
40%
gow
40%
Joyca
40%
pour
40%
faibles
38%
It's
38%
nord
38%
pitié
38%
vois
38%
cala
36%
passer
34%
corbeau
32%
Eivor
32%
plage
32%
confrérie
30%
pogo
30%
porte
30%
askip
24%
flex
22%
Vahalla
6%
Aucun quiz correspondant
Distribution des résultats
% des personnes avec chaque résultat
Percentile par nombre de réponses
Votre historique - résultats
Vous n’avez pas pris ce quiz depuis la dernière actualisation